=LDR 00000nam 2200000 4500 =001 INLIS000000000034284 =005 20130612140209 =008 ***********************************ind** =035 ##$$0010-061300000034284 =041 ##$$a ind =082 ##$$a 658.4 =090 ##$$a 658.4, Wil p =100 ##$$a Wilson, Robert R =245 ##$$a Panduan bagi manajemen pemula, semua yang perlu diketahui oleh manajer yang baru di promosikan agar disukai atasan dan didukung bawahan / Robert R. Wilson dan Jines Meyer; penerjemah, Ahada Eriawan, S.Pd =260 ##$$a 2009 $b Jakarta =300 ##$$a x, 254 hlm, 21 cm =650 ##$$a MANAJEMEN EKSEKUTIF =700 ##$$a MEYER, Jones =850 ##$$a NBPNMAT =990 ##$$a 0001/BPAP-NTB/2016